|
|
|
|
| LEADER |
00939cam a2200253 7i4500 |
| 001 |
0000026918 |
| 005 |
20111031090000.0 |
| 020 |
0 |
0 |
|a 13945882
|
| 090 |
0 |
0 |
|a STAT 338.020212
|b MIN (M)
|
| 110 |
2 |
0 |
|a Ministry of Plantation Industries and Commodities malaysia
|
| 245 |
2 |
0 |
|a Statistics on Commodities 2010.
|
| 250 |
0 |
0 |
|a 24th ed..
|
| 260 |
0 |
0 |
|a Putrajaya:
|b Ministry of Plantation Industries and Commodities Malaysia,
|c 2010.
|
| 300 |
# |
# |
|a 176p.
|
| 650 |
0 |
0 |
|a Malaysia --
|x Statistics
|
| 650 |
0 |
0 |
|a Palm Oil --
|x Statistics --
|z Malaysia
|
| 650 |
0 |
0 |
|a Rubber --
|x Statistics --
|z Malaysia
|
| 650 |
0 |
0 |
|a Cocoa --
|x Statistics --
|z Malaysia
|
| 650 |
0 |
0 |
|a Pepper --
|x Statistics --
|z Malaysia
|
| 650 |
0 |
0 |
|a Forestry --
|x Statistics --
|z Malaysia
|
| 650 |
0 |
0 |
|a Timber --
|x Statistics --
|z Malaysia
|
| 650 |
0 |
0 |
|a Tobacco --
|x Statistics --
|z Malaysia
|
| 651 |
0 |
0 |
|a Malaysia
|
| 999 |
|
|
|a 0000029148
|b Book
|c Statistics
|e Business Information Centre
|